000 00301nam a2200121 a 4500
008 100921s1965|||| d
100 1 _aFeuchtwanger, Lion
245 1 0 _aÚspech
260 _bVydavateľstvo politickej literatúry
_aBratislava
_c1965
020 _c35
044 _axo
_cSK
041 _aslo
999 _c10576
_d10576